000 00650cam a22002171 4500
001 sa 66002374
003 DLC
005 20260227112229.0
008 770817s1965 ii b 001 0 eng
010 _asa 66002374
035 _a(OCoLC)3195103
040 _aDLC
_cWMUW
_dOCoLC
_dDLC
042 _apremarc
050 0 0 _aBL1115
_b.R43
100 1 _aRenou, Louis,
_d1896-1966.
245 1 4 _aThe destiny of the Veda in India.
260 _aDelhi,
_bMotilal Bonarsidass
_c[1965]
300 _aviii, 105 p.
_c23 cm.
504 _aBibliographical references included in "Notes"(p. 59-101).
630 0 0 _aVedas
_xCriticism, interpretation, etc.
_xHistory.
999 _c68341
_d68341